Le pouvoir du Monde : (Record no. 79489)

MARC details
000 -LEADER
campo de control de longitud fija 00652cam a2200229 4500
001 - NÚMERO DE CONTROL
campo de control 17872
005 - FECHA Y HORA DE LA ÚLTIMA TRANSACCIÓN
campo de control 20230410130732.0
008 - DATOS DE LONGITUD FIJA--INFORMACIÓN GENERAL
campo de control de longitud fija 060907s2003 fr fre
020 ## - NÚMERO INTERNACIONAL ESTÁNDAR DEL LIBRO
Número Internacional Estándar del Libro 2707137014 (pbk.)
035 ## - NÚMERO DE CONTROL DEL SISTEMA
-- funglode18013
041 ## - CÓDIGO DE IDIOMA
Código de lengua del texto/banda sonora o título independiente fre
050 14 - SIGNATURA TOPOGRÁFICA DE LA BIBLIOTECA DEL CONGRESO
Número de clasificación PN 5189
Número de ítem P874p 2003
100 1# - ENTRADA PRINCIPAL--NOMBRE DE PERSONA
Nombre de persona Poulet, Bernard
245 13 - MENCIÓN DEL TÍTULO
Título Le pouvoir du Monde :
Resto del título quand un journal veut changer la France /
Mención de responsabilidad, etc. Bernard Poulet
260 ## - PUBLICACIÓN, DISTRIBUCIÓN, ETC.
Lugar de publicación, distribución, etc. Paris :
Nombre del editor, distribuidor, etc. Découverte,
Fecha de publicación, distribución, etc. 2003
300 ## - DESCRIPCIÓN FÍSICA
Extensión 259 p. ;
Dimensiones 22 cm.
490 0# - MENCIÓN DE SERIE
Mención de serie Cahiers libres
630 00 - PUNTO DE ACCESO ADICIONAL DE MATERIA--TÍTULO UNIFORME
Título uniforme Monde (Paris, France).
630 04 - PUNTO DE ACCESO ADICIONAL DE MATERIA--TÍTULO UNIFORME
Título uniforme Monde (Paris, Francia).
650 #4 - PUNTO DE ACCESO ADICIONAL DE MATERIA--TÉRMINO DE MATERIA
Término de materia o nombre geográfico como elemento de entrada Periodismo
Subdivisión geográfica Francia.
942 ## - ELEMENTOS DE ENTRADA SECUNDARIOS (KOHA)
Fuente del sistema de clasificación o colocación Clasificación de Library of Congress
Tipo de ítem Koha
Holdings
Estatus retirado Estado de pérdida Fuente del sistema de clasificación o colocación Estado de daño No para préstamo Colección Biblioteca de origen Biblioteca actual Ubicación en estantería Fecha de adquisición Serial enumeration / chronology Signatura topográfica completa Código de barras Visto por última vez Copia número Tipo de ítem Koha
    Clasificación de Library of Congress     Humanidades Biblioteca Juan Bosch Biblioteca Juan Bosch Humanidades (4to. Piso) 25/10/2018 1 PN 5189 P874p 2003 00000015876 25/10/2018 1